000 00649cam a2200241 4500
001 ABS67816
008 040602n2004 000 0 eng u
035 _a(Sirsi) u126375
245 _aFocus 1: Republic of Ireland
260 _c2004
490 _aEstates Gazette
_v(0422) 29 May 2004, 71-85(9)
590 _aABS
590 _aABS
650 _aDUBLIN
650 _aEIRE
650 _aPROPERTY-COMMERCIAL PROPERTY-RETAIL PROPERTY-RETAIL PROPERTY MARKET
650 _aOFFICE MARKET
650 _aINDUSTRIAL MARKET
650 _aLEISURE MARKET
650 _aINVESTMENT MARKET
690 _aCOMMERCIAL PROPERTY-MARKET
942 _n0
999 _c117445
_d117445